Ojo board/ (Record no. 181749)

000 -LEADER
fixed length control field 00397nam a2200169 4500
020 ## - INTERNATIONAL STANDARD BOOK NUMBER
ISBN 9789357325073
082 ## - DEWEY DECIMAL CLASSIFICATION NUMBER
Classification number M3
Item number AKH/O
100 ## - MAIN ENTRY--AUTHOR NAME
Personal name Akhil P Dharmajan
245 ## - TITLE STATEMENT
Title Ojo board/
Statement of responsibility, etc by Akhil P Dharmajan
250 ## - EDITION STATEMENT
Edition statement 19
260 ## - PUBLICATION, DISTRIBUTION, ETC. (IMPRINT)
Place of publication Kottayam:
Name of publisher D C Books,
Year of publication 2026.
300 ## - PHYSICAL DESCRIPTION
Number of Pages 207p.
650 ## - SUBJECT ADDED ENTRY--TOPICAL TERM
Topical Term Novel Malayalam
650 ## - SUBJECT ADDED ENTRY--TOPICAL TERM
Topical Term Literature Malayalam
650 ## - SUBJECT ADDED ENTRY--TOPICAL TERM
Topical Term Literature
942 ## - ADDED ENTRY ELEMENTS (KOHA)
Koha item type Book
Holdings
Withdrawn status Lost status Damaged status Not for loan Permanent Location Current Location Shelving location Date acquired Cost, normal purchase price Full call number Accession Number Price effective from Koha item type
        Sree Sankaracharya University of Sanskrit Sree Sankaracharya University of Sanskrit Stacks 22.05.2026 250.00 M3 AKH/O 108914 22.05.2026 Book